000 00525nam a2200181 a 4500
001 000035297
005 20200930074235.0
008 111027s2003 sp 000 0 spa d
020 _a849764350x
040 _aDO-SdBNP
_bspa
_cBNPHU
100 1 _aNietzsche, Friedrich Wilhelm,
_d1844-1900.
_919283
245 1 0 _aEcce Homo /
_cFriedrich Nietzsche.
260 _aEspaña :
_bEdimat Libros.
300 _a159 p. ;
_c20 cm.
490 1 _aClásico de la literatura
830 0 _aClásico de la literatura
_961065
049 _aBNPD
999 _c34788
_d34788